Größte Städte Ägyptens - Statistiken

Allgemein
  • Dieses Quiz wurde 453 mal gespielt
    336 seit der letzten Aktualisierung
  • Das Durchschnittsergebnis liegt bei 4 aus 15
Antwortstatistiken
Bevölkerung Stadt % Korrekt
9.801.536 Kairo
100%
5.362.517 Alexandria
88%
4.458.135 Gizeh
51%
401.890 Assuan
34%
716.458 Sues
34%
791.749 Port Said
29%
632.330 Mansura
12%
597.694 Tanta
12%
562.061 Assiut
11%
450.388 Ismailia
10%
1.275.700 Schubra el-Kheima
7%
460.501 Sagasig
6%
614.202 Mahalla el-Kubra
5%
531.861 El-Faijum
4%
502.864 El-Khusus
4%
Keine übereinstimmenden Quizze gefunden
Verteilung der Resultate
Anzahl Personen mit jedem Resultat
Perzentil nach korrekt beantworteten Fragen
Ihre Resultats-Entwicklung
Sie haben dieses Quiz seit der letzten Aktualisierung nicht gespielt